000 00292nam a22001337a 4500
003 SGT
082 _a370
_bV15S
100 _aS.C.E.R.T.
245 _aVASANT BHAG-2, BOOK OF HINDI FOR CLASS 7TH
260 _aNEW DELHI
_bSCERT
_c2015
300 _a146
650 _aEDUCATION
942 _2ddc
_cBK
999 _c12455
_d12455